000 00845nam a22002297a 4500
999 _c16248
_d16248
003 AR-CdUCM
008 190502b ||||| |||| 00| 0 spa d
040 _aMUNICIPALIDAD PROVINCIAL DEL CUSCO
_cBIBLIOTECA MUNICIPAL DEL CUSCO
082 _a131.34 /
_bJ89
_27ed.
100 _aJung, C. G.
_935447
245 _aTipos psicológicos /
260 _aBuenos Aires :
_bSudamericana,
_c1960.
300 _a483 paginas ;
_c17 cm.
440 _aColección piragua
_913120
505 _aContenido: El problema de los tipos en la historia antigua y medieval del espíritu -- Sobre la ideas de Schiller en el problema de los tipos -- Lo apolíneo y lo dionicíaco ...
650 _aTeoria
_95077
650 _aPsicología
_91538
650 _aConocimiento
_95704
700 _aSerna, Ramón
_935584
942 _2ddc
_cLIBROS
945 _arah
_d02/05/2019